000 00563nam a2200193Ia 4500
008 151121s9999||||xx |||||||||||||| ||und||
082 _a954/पंडित
082 _bHNW-114476
100 _aपंडित नलिनी
245 _aगांधी
260 _b"ग्रंथाली प्रकाशन, मुंबई।"
260 _c2006
300 _a291
600 _aपंडित नलिनी
630 _aगांधी
700 _aपंडित नलिनी
730 _aगांधी
942 _cBOOK
999 _c1263452
_d1263449